000 00304nam a2200145Ia 4500
100 _aClifton/H.D
942 _cBK
654 _abusiness
245 _aBusiness data system
260 _bprentice hall
_aNew Jersey
_c1983
082 _a658.054
_bCLI
300 _a387
546 _aENGLISH
999 _c23233
_d23233